| 000 | 00578ntm a22002297a 4500 | ||
|---|---|---|---|
| 005 | 20200828105547.0 | ||
| 008 | 200828b xxu||||| |||| 00| 0 spa d | ||
| 020 | _a9786076103821 | ||
| 041 | _aspa | ||
| 082 | _a614.1 M385v | ||
| 100 |
_aMartínez Balderas, Efraín _958160 |
||
| 245 | _aVídeo forense | ||
| 260 | _aMéxico | ||
| 260 | _bFlores | ||
| 260 | _c2016 | ||
| 300 | _a102 páginas | ||
| 650 |
_aVÍDEO FORENSE _958161 |
||
| 650 |
_aCIENCIA FORENSE _97991 |
||
| 650 |
_aPERITO FORENSE _958162 |
||
| 650 |
_aESPECIFICACIONES DEL VÍDEO _958163 |
||
| 942 | _cBK | ||
| 999 |
_c12686 _d12686 |
||